| 000 | 00606nam a2200181Ia 4500 | ||
|---|---|---|---|
| 008 | 090630s9999 xx 000 0 und d | ||
| 082 | _b18347 | ||
| 100 | _aकणेकर शिरिष. | ||
| 245 |
_aनट बोलट बोलपट. _cकणेकर शिरिष. |
||
| 260 |
_bश्रीकल्प - मुंबई. _c1999 |
||
| 300 | _a226 | ||
| 600 | _aकणेकर शिरिष. | ||
| 630 | _aनट बोलट बोलपट. | ||
| 655 | _aइतर. | ||
| 700 | _aकणेकर शिरिष. | ||
| 730 | _aनट बोलट बोलपट. | ||
| 942 | _cBOOK | ||
| 999 |
_c270203 _d270203 |
||